Mohammedanism / (Record no. 26741)
[ view plain ]
| 000 -LEADER | |
|---|---|
| fixed length control field | 00836nam a2200265 a 4500 |
| 001 - CONTROL NUMBER | |
| control field | 26741 |
| 003 - CONTROL NUMBER IDENTIFIER | |
| rucl marc code | BD-RjUL |
| 005 - DATE AND TIME OF LATEST TRANSACTION | |
| control field | 20211209051048.0 |
| 008 - FIXED-LENGTH DATA ELEMENTS--GENERAL INFORMATION | |
| fixed length control field | 790824s1911 enk b 000 0 eng |
| 035 ## - SYSTEM CONTROL NUMBER | |
| System control number | (BD-RjUL)26812 |
| 040 ## - CATALOGING SOURCE | |
| Original cataloging agency | DLC |
| Transcribing agency | BNG |
| Modifying agency | MYG |
| -- | BD-RjUL |
| Language of cataloging | eng |
| 041 ## - LANGUAGE CODE | |
| Language code of text/sound track or separate title | eng |
| 082 ## - DEWEY DECIMAL CLASSIFICATION NUMBER | |
| Edition number | 23 |
| Classification number | 297 |
| Author mark and year | MAM 1911 |
| 100 1# - MAIN ENTRY--PERSONAL NAME | |
| Personal name | Margoliouth, D. S. |
| Fuller form of name | (David Samuel), |
| Dates associated with a name | 1858-1940. |
| 9 (RLIN) | 223655 |
| 245 10 - TITLE STATEMENT | |
| Title | Mohammedanism / |
| Statement of responsibility, etc. | by D.S. Margoliouth. |
| 260 ## - PUBLICATION, DISTRIBUTION, ETC. (IMPRINT) | |
| Place of publication, distribution, etc. | London, |
| Name of publisher, distributor, etc. | Williams and Norgate |
| Date of publication, distribution, etc. | [1911] |
| 300 ## - PHYSICAL DESCRIPTION | |
| Pagination | v, [1], 7-255 p. ; |
| Size | 17cm. |
| 490 1# - SERIES STATEMENT | |
| Series statement | Home univesity library of modern knowledge. |
| 500 ## - GENERAL NOTE | |
| General note | Title and added title within ornamental borders. |
| 504 ## - BIBLIOGRAPHY, ETC. NOTE | |
| Bibliography, etc | Bibliography: p. 253-255. |
| 650 #0 - SUBJECT ADDED ENTRY--TOPICAL TERM | |
| Topical term or geographic name as entry element | Islam. |
| 9 (RLIN) | 223656 |
| 830 #0 - SERIES ADDED ENTRY--UNIFORM TITLE | |
| Uniform title | Home university library of modern knowledge. |
| 942 ## - ADDED ENTRY ELEMENTS (KOHA) | |
| Source of classification or shelving scheme | Dewey Decimal Classification |
| Koha item type | Rare Books |
| 946 ## - LOCAL PROCESSING INFORMATION (OCLC) | |
| a | t |
| Lost status | Source of classification or shelving scheme | Damaged status | Not for loan | Collection code | Permanent Location | Current Location | Shelving location | Date acquired | Total Checkouts | Full call number | Date last seen | Copy number | Koha item type |
|---|---|---|---|---|---|---|---|---|---|---|---|---|---|
| Dewey Decimal Classification | Not For Loan | Rare Books | Central Library, University of Rajshahi | Central Library, University of Rajshahi | Rare Book Section | 11/10/2018 | RA 297 MAM 1911 | 11/10/2018 | C-1 | Rare Books |